Magyar olvasókönyv a tót tannyelvű katholikus népiskolák második osztályának

Bibliographic Details
Main Author: Zelliger, József (Author)
Format: Book
Language:Hungarian
Slovak
PhysicalDescription:264 s. 19 cm
Published: Budapest Kiadja a Szent-István-Társulat 1907
Edition:3. kiad.
Subjects:

MARC

LEADER 00000nam a2200000 a 4500
001 vtls009494129
003 SK-MaSNL
005 20260301171245.0
008 240315s1907 hu b 000 0 hun
020 |q (viaz.) 
040 |a SNK  |b slo  |c SNK  |e AACR2 
041 0 |a hun  |a slo 
044 |a hu  |c HU 
072 7 |a 82.0  |x Literatúra (teória)  |2 konspekt 
072 7 |a 37.016  |x Učebné osnovy. Vyučovacie predmety. Učebnice  |2 konspekt 
080 |a 82:37.016  |2 2001 
080 |a (075.2)  |2 2001 
080 |a (075)028  |2 2001 
100 1 |a Zelliger, József  |4 aut  |9 503198 
245 1 0 |a Magyar olvasókönyv  |b a tót tannyelvű katholikus népiskolák második osztályának  |c Zelliger József 
246 1 1 |a Uhorská čítanka 
250 |a 3. kiad. 
260 |a Budapest  |b Kiadja a Szent-István-Társulat  |c 1907  |e Budapest  |f Stephaneum 
300 |a 264 s.  |c 19 cm 
546 |a Súbež. názov a text slov. 
650 0 7 |a literárna výchova  |2 SNKPH  |9 1653 
655 7 |a učebnice základných škôl  |2 SNKPH  |9 70187 
655 7 |a čítanky  |2 SNKPH  |9 60817 
958 |a ONDV 
999 |c 830249  |d 832179 
952 |a SNK  |b SNK  |y PREZ  |7 0  |p 17A0619479  |o snkSD 78145  |i snk2009/7532  |8 3  |g 24.00  |0 0  |1 0  |4 0  |d 2009-04-21  |l 0  |r 2025-11-26 00:00:00  |w 2026-02-24